| 000 | 00362 a2200169 4500 | ||
|---|---|---|---|
| 001 | 161446 | ||
| 020 | _a85-322-1797-4 | ||
| 040 | _cMagnum | ||
| 100 | _aAlves, Januária Cristina | ||
| 240 | 1 | 0 |
_aÀ sombra do ciúme _lpor |
| 245 | 1 | 0 | _aÀ sombra do ciúme |
| 300 | _a70 | ||
| 362 | 0 | _a1996 | |
| 440 | 1 | _aFTD | |
| 697 | _aLITERATURA JUVENIL | ||
| 942 | _cBK | ||
| 999 |
_c161446 _d161446 |
||